| 000 | 00777nam a2200241 4500 | ||
|---|---|---|---|
| 001 | 12164 | ||
| 003 | HDC | ||
| 007 | cr bn ---aaaaa | ||
| 008 | 210209c dr|noo 0 a eng d | ||
| 040 | _aHDC | ||
| 245 | 0 | _aNext generation family businesses | |
| 260 |
_a[No place] : _bThe Straits Times _c[no year] |
||
| 336 |
_atext _2rdacontent |
||
| 337 |
_acomputer _2rdamedia |
||
| 338 |
_aonline resource _2rdacarrier |
||
| 650 |
_abusiness practices _912591 |
||
| 650 |
_anoodle manufacturer _912590 |
||
| 710 | _aThe Straits Times | ||
| 856 | _zRequest full-text at [email protected] | ||
| 942 | _2lcc | ||
| 942 | _cNEWS | ||
| 942 | _kNWSO 002434 | ||
| 999 |
_c9487 _d9487 |
||